| 000 | 00787cam a2200241 a 4500 | ||
|---|---|---|---|
| 001 | 000012844 | ||
| 005 | 20200929163103.0 | ||
| 008 | 991125s1999 ck 000 0 spa d | ||
| 020 | _a9586760669 | ||
| 040 |
_aDO-SdBNP _bspa _cLC _dBNPHU |
||
| 082 |
_a347.05 _bV715t |
||
| 100 | 1 |
_aVillamil Portilla, Edgardo _929708 |
|
| 245 | 1 | 0 |
_aTeoría constitucional del proceso / _cEdgardo Villamil Portilla. |
| 260 |
_aSantafé de Bogotá : _bDoctrina y Ley Ltda, _c1999. |
||
| 300 |
_a906 p. ; _c24 cm. |
||
| 650 | 4 |
_aProcedimiento penal _zColombia _929709 |
|
| 650 | 4 |
_aRecursos (derecho) _zColombia _929710 |
|
| 650 | 4 |
_aDerecho procesal _zColombia _929711 |
|
| 650 | 4 |
_aProcedimiento civil _zColombia _929712 |
|
| 910 | _aCatalogación derivada | ||
| 910 | _aWM | ||
| 999 |
_a1 _n0000278 _c12492 _d12492 |
||
| 049 | _aBNGR | ||